000 00523nam a2200181Ia 4500
005 20250326142356.0
008 250326s9999 xx 000 0 und d
037 _aTextbook
040 _aFMSL
_beng
_cFMSL
041 _aeng
_2eng
084 _aX:89ZB M8
_qFMSL
100 _aDas R
_9214389
245 0 _aEssential factors in successful Implementation of projects
_cDas R
260 _aMeerut
_bMeerut, Twenty-First Century
_c1988
300 _a239p
942 _cTB
_hX:89ZB M8
999 _c1294730
_d1294730